[Event "Challenge"]
[Site "http://www.queenalice.com/game.php?id=1637149"]
[Date "2020.12.21"]
[Round "-"]
[White "christian_labat"]
[Black "Vilnius"]
[Result "1/2-1/2"]
[WhiteElo "2111"]
[BlackElo "1933"]

1. d4 d5 2. c4 e6 3. Nc3 Nf6 4. Bg5 Be7 5. Nf3 h6 6. Bf4 a6 7. e3 Nc6 8. cxd5
Nxd5 9. Bg3 b5 10. e4 Nxc3 11. bxc3 Bb7 12. Be2 O-O 13. O-O Bd6 14. e5 Ba3 15.
Qc2 b4 16. Rab1 a5 17. Rfd1 Ne7 18. c4 Nf5 19. Bf4 Nh4 20. Qd3 f5 21. Nxh4 Qxh4
22. Bg3 Qg5 23. f4 Qg6 24. d5 exd5 25. cxd5 Ba6 26. Qe3 Rfd8 27. Bxa6 Qxa6 28.
Bf2 Qc4 29. Qd2 a4 30. h3 b3 31. axb3 axb3 32. Qd4 Qxd4 33. Rxd4 b2 34. Kf1 Rdb8
35. Rc4 Rb7 36. Rd4 Rb3 37. d6 cxd6 38. exd6 Rc3 39. d7 Rc1+ 40. Rd1 Rxd1+ 41.
Rxd1 Kf7 42. Ke2 Be7 43. Bd4 Ra2 44. Rb1 g6 45. Rxb2 Rxb2+ 46. Bxb2 Ke6 47. Ba3
Kxd7 48. Bxe7 Kxe7 49. Ke3 Ke6 50. Kd4 Kd6 51. g3 g5 52. Kc4 Kc6 53. fxg5 hxg5
54. h4 f4 55. h5 fxg3 56. h6 g2 57. h7 g1=Q 58. h8=Q Qc1+ 59. Qc3 Qxc3+ 60. Kxc3
Kd5 61. Kd3 Ke5 62. Ke3 g4 63. Ke2 Ke4 64. Kf2 Kf4 65. Kg2 g3 66. Kg1 Kf3 67.
Kf1 g2+ 68. Kg1 Kg3 1/2-1/2

[Event "Challenge"]
[Site "http://www.queenalice.com/game.php?id=1758201"]
[Date "2021.5.1"]
[Round "-"]
[White "Vilnius"]
[Black "christian_labat"]
[Result "1-0"]
[WhiteElo "1979"]
[BlackElo "2106"]

1. e4 e5 2. Nf3 Nf6 3. Bc4 Nc6 4. Ng5 d5 5. exd5 Na5 6. d3 h6 7. Nf3 Bd6 8. c3
O-O 9. b4 Nxc4 10. dxc4 Bg4 11. h3 Bd7 12. Nbd2 e4 13. Nd4 e3 14. fxe3 Bg3+ 15.
Kf1 Nh7 16. Ne4 Be5 17. Ke2 f5 18. Nc5 Bxd4 19. cxd4 Bc8 20. Ne6 Bxe6 21. dxe6
Qf6 22. e7 Qxe7 23. Ba3 f4 24. Qd3 Rae8 25. Kd1 Qxe3 26. Qxe3 Rxe3 27. Bb2 Rfe8
28. Rc1 Re2 29. Rc2 Rxc2 30. Kxc2 Re2+ 31. Kb3 Rxg2 32. d5 Nf8 33. Be5 Ng6 34.
Bxc7 f3 35. Bb8 a6 36. Ba7 Ne5 37. Bd4 Nd7 38. Rf1 Rg3 39. h4 g5 40. hxg5 hxg5
41. Ka4 g4 42. c5 Rg2 43. a3 Kf7 44. c6 bxc6 45. dxc6 Rd2 46. Be3 Rd3 47. cxd7
Rxd7 48. Rg1 Rd3 49. Bc5 Ke6 50. Rxg4 Ke5 51. Rg1 Rd2 52. Ka5 Ra2 53. a4 Ke4 54.
Rf1 Kf4 55. Rf2 Ra1 56. Rd2 Kg3 57. Rd6 f2 58. Rg6+ Kf3 59. Rf6+ Kg3 60. Bxf2+
Kg4 61. Rxa6 Kf3 62. Bc5 Ke4 63. Rd6 Ra2 64. Kb5 Ra1 65. a5 Ra2 66. a6 Ke5 67.
Rd8 Ke6 68. a7 Ra5+ 69. Kxa5 Kf7 70. Rd6 Ke7 71. a8=Q Kf7 72. Rb6 Kg7 73. Qf8+
Kh7 74. Rh6# 1-0

[Event "Challenge"]
[Site "http://www.queenalice.com/game.php?id=1772302"]
[Date "2021.10.16"]
[Round "-"]
[White "Asspain"]
[Black "christian_labat"]
[Result "0-1"]
[WhiteElo "2074"]
[BlackElo "2103"]

1. e4 e5 2. Nf3 Nf6 3. Nc3 Nc6 4. d4 exd4 5. Nxd4 Bb4 6. Bg5 Bxc3+ 7. bxc3 Ne5
8. Be2 h6 9. Bxf6 Qxf6 10. O-O d6 11. f4 Nc6 12. Rb1 Ne7 13. Qd3 O-O 14. Rb5 Nc6
15. e5 dxe5 16. fxe5 Nxe5 17. Rxf6 Nxd3 18. Rf1 c6 19. Rh5 Nb2 20. Ra5 b6 21.
Ra3 c5 22. Rb1 cxd4 23. cxd4 Bb7 24. Rxb2 Rfe8 25. Bf3 Bxf3 26. Rxf3 Rac8 27. c3
Re1+ 28. Kf2 Rc1 29. Rd2 R1xc3 30. d5 Rxf3+ 31. Kxf3 Kf8 32. Kf4 Ke7 33. Ke5 Rd8
34. d6+ Kd7 35. Rc2 Rc8 36. Rd2 Rc6 0-1

[Event "Challenge"]
[Site "http://www.queenalice.com/game.php?id=1780666"]
[Date "2022.1.17"]
[Round "-"]
[White "WY_Grampy"]
[Black "christian_labat"]
[Result "1-0"]
[WhiteElo "2177"]
[BlackElo "2102"]

1. Nf3 Nf6 2. g3 d5 3. Bg2 c5 4. O-O Nc6 5. d3 e5 6. Nbd2 Bd6 7. Re1 O-O 8. e4
h6 9. exd5 Nxd5 10. c3 Bg4 11. Ne4 Be7 12. h3 Bh5 13. Qb3 Nb6 14. g4 Bg6 15. Be3
Qxd3 16. Nxc5 Bxc5 17. Bxc5 Rfd8 18. Nxe5 Nxe5 19. Rxe5 Re8 20. Rxe8+ Rxe8 21.
Bxb6 axb6 22. Qxb6 Be4 23. Re1 Bc6 24. Rxe8+ Kh7 25. Bxc6 bxc6 26. Qxc6 Qxh3 27.
Qe4+ g6 28. Qd4 g5 29. Qh8+ Kg6 30. Rg8# 1-0

[Event "Challenge"]
[Site "http://www.queenalice.com/game.php?id=1787466"]
[Date "2022.4.22"]
[Round "-"]
[White "christian_labat"]
[Black "Tig"]
[Result "0-1"]
[WhiteElo "2124"]
[BlackElo "2025"]

1. d4 Nf6 2. Nf3 c5 3. d5 d6 4. c4 e6 5. Nc3 exd5 6. cxd5 Bg4 7. e4 a6 8. a4
Nbd7 9. Be2 g6 10. O-O h5 11. h3 Bxf3 12. Bxf3 Ne5 13. Bg5 Be7 14. Bxf6 Bxf6 15.
Be2 Nd7 16. f4 Bd4+ 17. Kh1 Qh4 18. f5 Nf6 19. Qe1 Qxe1 20. Raxe1 O-O-O 21. Bd3
gxf5 22. Rxf5 h4 23. Ref1 Rh6 24. Nd1 Rg8 25. Re1 Rg3 26. Rf3 Rxf3 27. gxf3 Rg6
28. Nc3 Rg3 29. Ne2 Rxf3 30. Nc1 Rxh3+ 31. Kg2 Rg3+ 32. Kh1 Ng4 33. Bb1 Rh3+ 34.
Kg2 Rh2+ 35. Kf3 Ne5+ 36. Kf4 Rf2+ 37. Kg5 Nf3+ 38. Kh5 Nxe1 39. Kxh4 Bxb2 40.
Nd3 Nxd3 41. Bxd3 Kc7 42. Kg5 Bf6+ 43. Kg4 Ra2 44. Kf5 Be5 45. Bb1 Rxa4 46. Bc2
Rb4 47. Kg4 a5 48. Kf3 a4 0-1

[Event "Challenge"]
[Site "http://www.queenalice.com/game.php?id=1798750"]
[Date "2022.10.28"]
[Round "-"]
[White "ChessColossos"]
[Black "christian_labat"]
[Result "0-1"]
[WhiteElo "1696"]
[BlackElo "2109"]

1. e4 c5 2. Nf3 d6 3. d4 cxd4 4. Nxd4 Nf6 5. Nc3 g6 6. Be2 Bg7 7. O-O O-O 8. Bg5
Nc6 9. f4 Qb6 10. Nb5 Nxe4 11. Kh1 Nxg5 12. Nxc6 bxc6 13. fxg5 cxb5 0-1

[Event "Let's Play Chess!"]
[Site "http://www.queenalice.com/game.php?id=1801531"]
[Date "2022.12.8"]
[Round "-"]
[White "igor12345"]
[Black "christian_labat"]
[Result "1-0"]
[WhiteElo "2092"]
[BlackElo "2108"]

1. e4 c5 2. Nf3 d6 3. d4 cxd4 4. Nxd4 Nf6 5. Nc3 a6 6. Bg5 e6 7. Bxf6 gxf6 8. g3
Nc6 9. Bg2 Be7 10. a3 Bd7 11. b4 Ne5 12. O-O Rc8 13. Nce2 Nc6 14. c3 Ne5 15. Qb3
O-O 16. Nf3 Kh8 17. Nxe5 fxe5 18. c4 Bc6 19. a4 f5 20. f3 d5 21. Qb2 d4 22. c5
Bf6 23. Rad1 Bxa4 24. Rd2 fxe4 25. fxe4 Bb5 26. Qb3 b6 27. Rc1 bxc5 28. bxc5 Qd7
29. Rb1 Rxc5 30. Rc1 Rfc8 31. Rxc5 Rxc5 32. Bh3 Bc4 33. Qa3 Qc6 34. Bg2 Rb5 35.
Qf8# 1-0

[Event "Let's Play Chess!"]
[Site "http://www.queenalice.com/game.php?id=1801542"]
[Date "2022.12.9"]
[Round "-"]
[White "christian_labat"]
[Black "raulzampronha"]
[Result "1-0"]
[WhiteElo "2095"]
[BlackElo "2248"]

1. c4 Nf6 2. d4 e6 3. Nc3 Bb4 4. e3 O-O 5. Nf3 d5 6. Bd3 b6 7. cxd5 exd5 8. O-O
Bb7 9. Bd2 c5 10. a3 Ba5 11. Rc1 Nc6 12. Ne2 Bxd2 13. Qxd2 c4 14. Bb1 Ne4 15.
Qc2 g6 16. Ng3 Nxg3 17. hxg3 Bc8 18. Rfe1 Bf5 19. Qa4 Ne7 20. Bxf5 Nxf5 21. e4
dxe4 22. Rxe4 Nd6 23. Re5 Qf6 24. Qc6 Rfc8 25. Qd5 Rd8 26. Rce1 Rac8 27. Nh4 Nf5
28. Qf3 Rxd4 29. Nxf5 gxf5 30. Rxf5 Qg6 31. Ree5 h6 32. Rf6 Qg7 33. Ref5 Rc7 34.
Qe3 1-0

[Event "Let's Play Chess!"]
[Site "http://www.queenalice.com/game.php?id=1801543"]
[Date "2022.12.9"]
[Round "-"]
[White "Amedeo"]
[Black "christian_labat"]
[Result "1-0"]
[WhiteElo "2435"]
[BlackElo "2110"]

1. d4 d5 2. c4 e6 3. Nc3 Nf6 4. Nf3 c5 5. cxd5 exd5 6. Bg5 cxd4 7. Nxd4 Be7 8.
e3 Be6 9. Bb5+ Nbd7 10. f4 O-O 11. f5 a6 12. fxe6 axb5 13. exd7 Qxd7 14. Bxf6
Bxf6 15. O-O b4 16. Nce2 Qe7 17. Qb3 Rfe8 18. Rf3 Qd6 19. Rd1 Be5 20. Nf4 f6 21.
Nf5 Qc6 22. Rxd5 Kh8 23. Ng6+ hxg6 24. Rh3+ Kg8 25. Rd8+ Qe6 26. Qxe6+ Kf8 27.
Qxe8# 1-0

[Event "Challenge"]
[Site "http://www.queenalice.com/game.php?id=1815920"]
[Date "2023.7.8"]
[Round "-"]
[White "Tig"]
[Black "christian_labat"]
[Result "0-1"]
[WhiteElo "2051"]
[BlackElo "2101"]

1. e4 e5 2. Nc3 Nf6 3. f4 d5 4. fxe5 Nxe4 5. Nf3 Bg4 6. Qe2 Nxc3 7. dxc3 Nc6 8.
Bf4 Bc5 9. Qb5 Bb6 10. Be2 O-O 11. O-O-O a6 0-1

[Event "Challenge"]
[Site "http://www.queenalice.com/game.php?id=1816575"]
[Date "2023.7.18"]
[Round "-"]
[White "jpribeiro"]
[Black "christian_labat"]
[Result "1-0"]
[WhiteElo "2096"]
[BlackElo "2111"]

1. e4 e5 2. Nc3 Nf6 3. f4 d6 4. fxe5 dxe5 5. Nf3 Nc6 6. Bb5 Bd7 7. Bxc6 Bxc6 8.
Nxe5 Nxe4 9. Nxc6 Qh4+ 10. g3 Nxc3 11. Qf3 Qc4 12. Na5 Qe6+ 13. Kf2 Qb6+ 14.
Qe3+ Qxe3+ 15. Kxe3 Nd5+ 16. Ke4 Nf6+ 17. Kf3 Rb8 18. Re1+ 1-0

[Event "Challenge"]
[Site "http://www.queenalice.com/game.php?id=1816576"]
[Date "2023.7.18"]
[Round "-"]
[White "christian_labat"]
[Black "jpribeiro"]
[Result "0-1"]
[WhiteElo "2099"]
[BlackElo "2110"]

1. c4 c5 2. Nc3 Nc6 3. g3 e5 4. Bg2 Nge7 5. d3 d6 6. Nf3 h6 7. O-O Be6 8. b3 g6
9. e3 Qa5 10. Bd2 Bg7 11. Nd5 Qd8 12. Bc3 Nxd5 13. cxd5 Bxd5 14. e4 Be6 15. Rc1
O-O 16. Nd2 d5 17. exd5 Bxd5 18. Ne4 f5 0-1

[Event "Challenge"]
[Site "http://www.queenalice.com/game.php?id=1825518"]
[Date "2023.11.20"]
[Round "-"]
[White "FLeicher"]
[Black "christian_labat"]
[Result "1-0"]
[WhiteElo "2093"]
[BlackElo "2083"]

1. e4 c5 2. Nf3 d6 3. d4 cxd4 4. Nxd4 Nf6 5. Nc3 a6 6. Be3 e5 7. Nf3 Ng4 8. Nd5
Nc6 9. Bd2 Be6 10. c4 Be7 11. Bd3 O-O 12. O-O f5 13. h3 fxe4 14. Bxe4 Nf6 15.
Nxf6+ Bxf6 16. b3 Rc8 17. Qe2 Qc7 18. Rac1 Bd7 19. Rfd1 Be6 20. Bg5 h6 21. Be3
Be7 22. Qd2 Rcd8 23. Bxh6 gxh6 24. Qxh6 Bf5 25. Bxf5 Rf6 26. Qh7+ Kf8 27. Qh8+
Kf7 28. Ng5# 1-0

[Event "Challenge"]
[Site "http://www.queenalice.com/game.php?id=1835158"]
[Date "2024.4.15"]
[Round "-"]
[White "FLeicher"]
[Black "christian_labat"]
[Result "1-0"]
[WhiteElo "2157"]
[BlackElo "2081"]

1. e4 e5 2. Bc4 Nf6 3. d4 exd4 4. e5 d5 5. Bg5 dxc4 6. exf6 gxf6 7. Bh4 Qe7+ 8.
Ne2 Nc6 9. O-O Rg8 10. Nxd4 Ne5 11. Bg3 Bg4 12. Qd2 O-O-O 13. Qe3 Qc5 14. c3 Bd6
15. Nd2 Nd3 16. Ne4 Qb6 17. Nxd6+ cxd6 18. b3 Ne5 19. Rfb1 Qc5 20. Nc2 Qxe3 21.
Nxe3 cxb3 22. axb3 a6 23. Nd5 Rg6 24. Ne7+ Kc7 25. Nxg6 fxg6 26. f3 Bf5 27. Rb2
Nd3 28. Re2 Nc5 29. b4 Nd7 30. Rd1 Ne5 31. Rde1 Nc6 32. Re8 Ne5 33. Rxd8 Kxd8
34. Bxe5 fxe5 35. Kf2 Kc7 36. g4 Bd3 37. Re3 Bc2 38. g5 Bb3 39. f4 exf4 40. Re7+
Kc6 41. Kf3 b6 42. Kxf4 a5 43. bxa5 bxa5 44. Ke3 Bc4 45. Kd2 Kb6 46. Kc2 a4 47.
Kb2 Bg8 48. Rg7 Be6 49. Rxh7 Bf5 50. Rh4 Ka5 51. Rd4 Kb5 52. Rd5+ Kc6 53. Rxf5
gxf5 54. g6 f4 55. g7 Kd5 56. g8=Q+ Kc5 57. Qf7 f3 58. Qxf3 d5 59. Qf4 a3+ 60.
Kxa3 Kc6 61. Qd4 Kd6 62. c4 Kc6 63. Qxd5+ Kb6 64. Kb4 Kc7 65. Kb5 Kc8 66. Kb6
Kb8 67. Qd8# 1-0

[Event "Challenge"]
[Site "http://www.queenalice.com/game.php?id=1869679"]
[Date "2026.2.24"]
[Round "-"]
[White "PaulMSains"]
[Black "christian_labat"]
[Result "1-0"]
[WhiteElo "2063"]
[BlackElo "2051"]

1. Nf3 d5 2. g3 e6 3. Bg2 Nf6 4. O-O c5 5. d4 Nc6 6. e3 cxd4 7. Nxd4 Be7 8. Nxc6
bxc6 9. Nc3 Ba6 10. Re1 O-O 11. Bd2 Rb8 12. Qc1 Qb6 13. Na4 Qc7 14. b3 1-0